000 00388nam a2200145Ia 4500
008 230917s9999||||xx |||||||||||||| ||und||
040 _e68354
_aMAIN
041 _aEnglish
082 _a330.156 N312M
100 _aNegishi, Takashi
245 0 _aMicroeconomics foundations of keynesian macroeconomics
260 _aAmsterdam
_bNorth-Holland
_c1979
300 _ax, 270 p.
942 _cBK
999 _c206229
_d206229